Nociones de derecho canónico

Saved in:
Bibliographic Details
Main Author: Silva Cotapos, Carlos (Author)
Format: Book
Language:Spanish
Published: Santiago Revista Católica 1907
Subjects:
Tags: Add Tag
No Tags, Be the first to tag this record!

MARC

LEADER 00000nam a2200000 a 4500
001 UCS9178
003 CL-VaPUC
008 971113e19070000CL |||||||||||||||||spa|d
082 0 4 |a 262.9  |b SIL  |2 21 
100 0 |a Silva Cotapos, Carlos  |e author  |9 394180 
245 1 0 |a Nociones de derecho canónico 
300 |a 204 p 
942 |c BK 
945 |d 19971113 00:00:00  |a cmena 
260 |a Santiago  |b Revista Católica  |c 1907 
600 0 |a Iglesia católica  |9 255129 
650 7 |a DERECHO CANONICO  |2 CL-VaPUC  |9 394181 
650 0 |a Derecho civil  |9 255013 
650 0 |a Derecho eclesiástico  |9 255055 
650 0 |a Derecho público   |9 255910 
650 0 |a Derecho privado  |9 258243 
650 7 |a CABILDOS  |2 CL-VaPUC  |9 375432 
650 0 |a Fuero eclesiástico  |9 394182 
650 0 |a Delitos  |9 224143 
583 |a last modification  |c 20121207 08:20:08  |k Rodrigo Vera 
999 |c 263173  |d 263171 
952 |0 0  |1 0  |4 0  |6 262_900000000000000_SIL_1907  |7 0  |8 DER_HDC  |9 292290  |a BIBDER  |b BIBDER  |d 2019-11-19  |i 1900382  |o 262.9 SIL 1907  |p 1900382  |r 2019-11-19  |w 2019-11-19  |x Ubicación 4to Piso  |y BK_X  |z Estos recursos deben solicitarse con anticipación  |k DER